Deformation of a water shell during free fall in air; Doklady Physics; Vol. 61, iss. 4
| Parent link: | Doklady Physics: Scientific Journal.— , 1933- Vol. 61, iss. 4.— 2016.— [P. 195–200] |
|---|---|
| Автор: | |
| Співавтори: | , , |
| Інші автори: | , |
| Резюме: | Title screen The basic regularities of the change in the shape and sizes (the initial volume is 0.05–0.5 L) of a water shell are singled out in its deformation during free fall in air from a height of 3 m. The 3D recording of the basic stages of deformation (flattening of the shell, nucleation, growth, and destruction of bubbles, formation of the droplet cloud) is carried out using high-speed (up to 105 frames per second) Phantom V411 and Phantom Miro M310 video cameras and the program complex Tema Automotive (with the function of continuous tracking). The physical model of destruction of large water bodies is formulated at free fall with the formation of the droplet cloud. Режим доступа: по договору с организацией-держателем ресурса |
| Мова: | Англійська |
| Опубліковано: |
2016
|
| Серія: | Mechanics |
| Предмети: | |
| Онлайн доступ: | http://dx.doi.org/10.1134/S1028335816040078 |
| Формат: | Електронний ресурс Частина з книги |
| KOHA link: | https://koha.lib.tpu.ru/cgi-bin/koha/opac-detail.pl?biblionumber=649380 |
MARC
| LEADER | 00000naa0a2200000 4500 | ||
|---|---|---|---|
| 001 | 649380 | ||
| 005 | 20250304160503.0 | ||
| 035 | |a (RuTPU)RU\TPU\network\14542 | ||
| 035 | |a RU\TPU\network\13891 | ||
| 090 | |a 649380 | ||
| 100 | |a 20160707d2016 k||y0rusy50 ba | ||
| 101 | 0 | |a eng | |
| 102 | |a RU | ||
| 135 | |a drcn ---uucaa | ||
| 181 | 0 | |a i | |
| 182 | 0 | |a b | |
| 200 | 1 | |a Deformation of a water shell during free fall in air |f V. E. Nakoryakov, G. V. Kuznetsov, P. A. Strizhak | |
| 203 | |a Text |c electronic | ||
| 225 | 1 | |a Mechanics | |
| 300 | |a Title screen | ||
| 320 | |a [References: p. 200 (9 tit.)] | ||
| 330 | |a The basic regularities of the change in the shape and sizes (the initial volume is 0.05–0.5 L) of a water shell are singled out in its deformation during free fall in air from a height of 3 m. The 3D recording of the basic stages of deformation (flattening of the shell, nucleation, growth, and destruction of bubbles, formation of the droplet cloud) is carried out using high-speed (up to 105 frames per second) Phantom V411 and Phantom Miro M310 video cameras and the program complex Tema Automotive (with the function of continuous tracking). The physical model of destruction of large water bodies is formulated at free fall with the formation of the droplet cloud. | ||
| 333 | |a Режим доступа: по договору с организацией-держателем ресурса | ||
| 461 | |t Doklady Physics |o Scientific Journal |d 1933- | ||
| 463 | |t Vol. 61, iss. 4 |v [P. 195–200] |d 2016 | ||
| 610 | 1 | |a электронный ресурс | |
| 610 | 1 | |a труды учёных ТПУ | |
| 610 | 1 | |a водная оболочка | |
| 610 | 1 | |a деформация | |
| 610 | 1 | |a свободное падение | |
| 700 | 1 | |a Nakoryakov |b V. E. |c physicist |c honorary Professor of Tomsk Polytechnic University, doctor of technical Sciences |f 1935- |g Vladimir Eliferjevich |3 (RuTPU)RU\TPU\pers\36391 |9 19462 | |
| 701 | 1 | |a Kuznetsov |b G. V. |c Specialist in the field of heat power energy |c Professor of Tomsk Polytechnic University, Doctor of Physical and Mathematical Sciences |f 1949- |g Geny Vladimirovich |3 (RuTPU)RU\TPU\pers\31891 |9 15963 | |
| 701 | 1 | |a Strizhak |b P. A. |c Specialist in the field of heat power energy |c Doctor of Physical and Mathematical Sciences (DSc), Professor of Tomsk Polytechnic University (TPU) |f 1985- |g Pavel Alexandrovich |3 (RuTPU)RU\TPU\pers\30871 |9 15117 | |
| 712 | 0 | 2 | |a Национальный исследовательский Томский политехнический университет |b Физико-технический институт |b Кафедра экспериментальной физики |3 (RuTPU)RU\TPU\col\21255 |9 27946 |
| 712 | 0 | 2 | |a Национальный исследовательский Томский политехнический университет |b Энергетический институт |b Кафедра теоретической и промышленной теплотехники |3 (RuTPU)RU\TPU\col\18679 |9 27132 |
| 712 | 0 | 2 | |a Национальный исследовательский Томский политехнический университет |b Энергетический институт |b Кафедра автоматизации теплоэнергетических процессов |3 (RuTPU)RU\TPU\col\18678 |9 27131 |
| 801 | 2 | |a RU |b 63413507 |c 20161207 |g RCR | |
| 856 | 4 | |u http://dx.doi.org/10.1134/S1028335816040078 | |
| 942 | |c CF | ||